[Event "It (Men) Bermuda"]
[Site "?"]
[Date "2005.02.07"]
[Round "8"]
[White "Dominguez Lenier"]
[Black "Vescovi Giovanni P"]
[Result "1-0"]
[WhiteElo "2661"]
[BlackElo "2645"]
[PlyCount "147"]
[EventDate "2005.??.??"]
[Source "www.chesslib.no"]
[SourceDate "2004.05.04"]

1. e4 e5 2. Nf3 Nc6 3. Bb5 a6 4. Ba4 Nf6 5. O-O Be7 6. Re1 b5 7. Bb3 d6 8. c3 O-O 9. h3 Na5 10. Bc2 c5 11. d4 Qc7 12. Nbd2 Nc6 13. d5 Nd8 14. a4 Rb8 15. axb5 axb5 16. b4 g6 17. bxc5 dxc5 18. c4 b4 19. Nb3 Nd7 20. Bh6 Re8 21. Bd3 Nb6 22. Re2 f6 23. Be3 Bd7 24. Rea2 Nb7 25. Ra7 Ra8 26. Nxc5 Bxc5 27. Bxc5 Qxc5 28. Rxb7 Rxa1 29. Qxa1 Ra8 30. Ra7 Rxa7 31. Qxa7 b3 32. Kf1 b2 33. Ke2 Qb4 34. Nd2 Nxc4 35. Nxc4 Bb5 36. Qb8+ Kg7 37. Qa7+ Kg8 38. Qb8+ Kg7 39. Kf3 b1=Q 40. Bxb1 Qxc4 41. Qa7+ Kf8 42. Qa3+ Ke8 43. Kg3 g5 44. Qa8+ Ke7 45. Qg8 Qb3+ 46. f3 Qxb1 47. Qe6+ Kd8 48. Qxf6+ Kc8 49. Qh8+ Kb7 50. Qxh7+ Kb6 51. Qh6+ Kc5 52. Qxg5 Qb2 53. h4 Kd4 54. d6 Qb4 55. h5 Qxd6 56. h6 Qc7 57. Qg6 Qa5 58. Qd6+ Ke3 59. Kh2 Qa7 60. Qxe5 Bc4 61. Kg3 Qf7 62. Qg5+ Kd4 63. Kh4 Kd3 64. e5 Ke2 65. f4 Qc7 66. e6 Kf2 67. Qg3+ Kg1 68. f5 Qc5 69. Qf4 Bxe6 70. fxe6 Qe7+ 71. Kg3 Qa3+ 72. Kg4 Kxg2 73. Qe4+ Kf2 74. e7 1-0

[Event "Solingen"]
[Site "Solingen GER"]
[Date "1974.??.??"]
[Round "13"]
[White "Kavalek, Lubomir"]
[Black "Spassky, Boris Vasily"]
[Result "1/2-1/2"]
[WhiteElo "2625"]
[BlackElo "2650"]
[PlyCount "53"]
[EventDate "1974.??.??"]
[Source "www.chesslib.no"]
[SourceDate "2004.05.04"]

1. e4 e5 2. Nf3 Nc6 3. Bb5 a6 4. Ba4 Nf6 5. O-O Be7 6. Re1 b5 7. Bb3 d6 8. c3 O-O 9. h3 Na5 10. Bc2 c5 11. d4 Qc7 12. Nbd2 Nc6 13. dxc5 dxc5 14. Nf1 Be6 15. Ne3 Rad8 16. Qe2 c4 17. Nf5 Bxf5 18. exf5 h6 19. Nxe5 Nxe5 20. Qxe5 Bd6 21. Qe2 Rfe8 22. Be3 Nd5 23. Qf3 Nxe3 24. Rxe3 Rxe3 25. Qxe3 Bc5 26. Qe2 Qf4 27. Rd1 1/2-1/2

[Event "Olympiad"]
[Site "Nice ol"]
[Date "1974.??.??"]
[Round "?"]
[White "Karpov, Anatoly"]
[Black "Unzicker, Wolfgang"]
[Result "1-0"]
[WhiteElo "2700"]
[BlackElo "2535"]
[PlyCount "83"]
[EventDate "1974.??.??"]
[Source "www.chesslib.no"]
[SourceDate "2004.05.04"]

1. e4 e5 2. Nf3 Nc6 3. Bb5 a6 4. Ba4 Nf6 5. O-O Be7 6. Re1 b5 7. Bb3 d6 8. c3 O-O 9. h3 Na5 10. Bc2 c5 11. d4 Qc7 12. Nbd2 Nc6 13. d5 Nd8 14. a4 Rb8 15. axb5 axb5 16. b4 Nb7 17. Nf1 Bd7 18. Be3 Ra8 19. Qd2 Rfc8 20. Bd3 g6 21. Ng3 Bf8 22. Ra2 c4 23. Bb1 Qd8 24. Ba7 Ne8 25. Bc2 Nc7 26. Rea1 Qe7 27. Bb1 Be8 28. Ne2 Nd8 29. Nh2 Bg7 30. f4 f6 31. f5 g5 32. Bc2 Bf7 33. Ng3 Nb7 34. Bd1 h6 35. Bh5 Qe8 36. Qd1 Nd8 37. Ra3 Kf8 38. R1a2 Kg8 39. Bxf7+ Nxf7 40. Qh5 Nd8 41. Qg6 Kf8 42. Nh5 1-0

[Event "Capo d'Orso Open 2008"]
[Site "Porto Mannu ITA"]
[Date "2008.05.23"]
[Round "8.1"]
[White "Korneev, Oleg"]
[Black "Rowson, Jonathan"]
[Result "1/2-1/2"]
[WhiteElo "2651"]
[BlackElo "2582"]
[PlyCount "172"]
[EventDate "2008.05.17"]
[Source "www.chesslib.no"]
[SourceDate "2004.05.04"]

1. e4 e5 2. Nf3 Nc6 3. Bb5 a6 4. Ba4 Nf6 5. O-O Be7 6. Re1 b5 7. Bb3 d6 8. c3 O-O 9. h3 Na5 10. Bc2 c5 11. d4 Qc7 12. Nbd2 Nc6 13. d5 Nd8 14. a4 Rb8 15. b4 Bd7 16. Nf1 Ne8 17. Ne3 g6 18. axb5 axb5 19. bxc5 Qxc5 20. Qd2 f6 21. Ba3 Qc7 22. Bb4 Nb7 23. Ra7 Qb6 24. Rea1 Nc7 25. Ng4 Ra8 26. Qe3 Qxe3 27. Nxe3 Rfb8 28. Nd2 Kf8 29. c4 Rxa7 30. Rxa7 Bc8 31. g4 Bd8 32. Ra2 Ke7 33. Kg2 Bd7 34. Bd3 bxc4 35. Ndxc4 Ra8 36. Rxa8 Nxa8 37. g5 Bc7 38. Ng4 Bxg4 39. hxg4 Nb6 40. gxf6+ Kxf6 41. Na3 Ke7 42. Nb5 Bb8 43. g5 Nd8 44. Be2 Nf7 45. Bd2 Na8 46. Be3 Nc7 47. Na3 Ne8 48. Bg4 Bc7 49. Kg3 Ba5 50. Nc4 Bb4 51. Be6 Nd8 52. Bc8 Nf7 53. Kg4 Nc7 54. f3 Bc3 55. Bb7 Nd8 56. Bc6 Nf7 57. Ba4 Bb4 58. Nb2 Na6 59. Bb5 Bc5 60. Bd2 Nc7 61. Bc4 Bd4 62. Nd3 Na8 63. Nb4 Bc5 64. Nc6+ Kf8 65. Bb5 Nc7 66. Bf1 Na8 67. Kg3 Nb6 68. Bb5 Nc8 69. Kg2 Na7 70. Ba6 Ke8 71. Kg3 Kd7 72. Kg4 Nxc6 73. dxc6+ Kxc6 74. Bc4 Nh8 75. Be6 Kc7 76. Ba5+ Bb6 77. Bb4 Bc5 78. Ba5+ Bb6 79. Bb4 Bc5 80. Bxc5 dxc5 81. f4 Kd6 82. Bg8 Ke7 83. fxe5 Nf7 84. Bxh7 Nxe5+ 85. Kf4 c4 86. Bg8 Kd6 1/2-1/2

[Event "Evora"]
[Site "?"]
[Date "2006.07.29"]
[Round "8"]
[White "Korneev Oleg"]
[Black "Postny Evgeny"]
[Result "1-0"]
[WhiteElo "2638"]
[BlackElo "2591"]
[PlyCount "97"]
[EventDate "2006.??.??"]
[Source "www.chesslib.no"]
[SourceDate "2004.05.04"]

1. e4 e5 2. Nf3 Nc6 3. Bb5 a6 4. Ba4 Nf6 5. O-O Be7 6. Re1 b5 7. Bb3 d6 8. c3 O-O 9. h3 Na5 10. Bc2 c5 11. d4 Qc7 12. Nbd2 Nc6 13. d5 Nd8 14. a4 Rb8 15. axb5 axb5 16. b4 c4 17. Nf1 Ne8 18. N3h2 g6 19. f4 f5 20. exf5 gxf5 21. Nf3 Nf7 22. Be3 Ng7 23. Ng3 Bf6 24. Qd2 Re8 25. Ra7 Rb7 26. Rxb7 Qxb7 27. Ra1 Bd8 28. Kh2 Bb6 29. Bxb6 Qxb6 30. Nh4 e4 31. Nf1 e3 32. Qe2 Qd8 33. Nf3 Nh5 34. Nxe3 Nxf4 35. Qd2 Qf6 36. Ra8 Ne5 37. Bxf5 Bd7 38. Nxe5 Rxa8 39. N3g4 Qg7 40. Nxd7 Nh5 41. Qe3 Kh8 42. Be6 Rd8 43. Nh6 Re8 44. Nf5 Qg6 45. Qd4+ Ng7 46. Nxd6 Re7 47. Nf5 Rxe6 48. Nf8 Qf6 49. Nxe6 1-0

[Event "Bruxelles"]
[Site "?"]
[Date "1986.??.??"]
[Round "?"]
[White "Nunn, J."]
[Black "Short, N."]
[Result "1-0"]
[WhiteElo "2590"]
[BlackElo "2615"]
[PlyCount "59"]
[EventDate "1986.??.??"]
[Source "ChessBase"]
[SourceDate "1986.07.01"]

1. e4 e5 2. Nf3 Nc6 3. Bb5 a6 4. Ba4 Nf6 5. O-O Be7 6. Re1 b5 7. Bb3 d6 8. c3 O-O 9. h3 Na5 10. Bc2 c5 11. d4 Qc7 12. Nbd2 Nc6 13. d5 Nd8 14. Nf1 Ne8 15. a4 Rb8 16. axb5 axb5 17. b4 c4 18. Ng3 g6 19. Nh2 Ng7 20. Rf1 Bd7 21. f4 Bh4 22. Qf3 f5 23. fxe5 dxe5 24. exf5 Bxg3 25. Qxg3 Nxf5 26. Qf2 Nb7 27. Ng4 h5 28. Ra6 hxg4 29. Rxg6+ Ng7 30. Rxg7+ 1-0

[Event "San Sebastian op"]
[Site "?"]
[Date "1996.??.??"]
[Round "?"]
[White "Gulko, B."]
[Black "Razuvaev, Y."]
[Result "1/2-1/2"]
[WhiteElo "2615"]
[BlackElo "2580"]
[PlyCount "31"]
[EventDate "1996.??.??"]
[Source "www.chesslib.no"]
[SourceDate "2004.05.04"]

1. e4 e5 2. Nf3 Nc6 3. Bb5 a6 4. Ba4 Nf6 5. O-O Be7 6. Re1 b5 7. Bb3 d6 8. c3 O-O 9. h3 Na5 10. Bc2 c5 11. d4 Qc7 12. Nbd2 Nc6 13. d5 Nd8 14. c4 Bd7 15. a4 b4 16. Nf1 1/2-1/2

[Event "Moscow 5'"]
[Site "Moscow RUS"]
[Date "1972.??.??"]
[Round "?"]
[White "Tukmakov, Vladimir B"]
[Black "Karpov, Anatoly"]
[Result "1-0"]
[WhiteElo "2560"]
[BlackElo "2630"]
[PlyCount "67"]
[EventDate "1972.??.??"]
[Source "www.chesslib.no"]
[SourceDate "2004.05.04"]

1. e4 e5 2. Nf3 Nc6 3. Bb5 a6 4. Ba4 Nf6 5. O-O Be7 6. Re1 b5 7. Bb3 d6 8. c3 O-O 9. h3 Na5 10. Bc2 c5 11. d4 Qc7 12. Nbd2 Nc6 13. Nf1 cxd4 14. cxd4 exd4 15. Bg5 Re8 16. Rc1 Qb6 17. Ng3 h6 18. Bf4 Be6 19. Bb1 Rac8 20. Qd2 Bf8 21. Rcd1 g5 22. Bxg5 hxg5 23. Qxg5+ Bg7 24. e5 dxe5 25. Nh4 Ne7 26. Rxe5 Red8 27. Bd3 Rd5 28. Rxd5 Nfxd5 29. Nh5 Ng6 30. Nxg6 fxg6 31. Qxg6 Rc7 32. Re1 Re7 33. Nxg7 Rxg7 34. Qe8# 1-0

[Event "Corr"]
[Site "?"]
[Date "1998.??.??"]
[Round "?"]
[White "Lecroq Michel"]
[Black "Kilgour David A"]
[Result "1-0"]
[WhiteElo "2570"]
[BlackElo "2610"]
[PlyCount "87"]
[EventDate "1998.??.??"]
[Source "www.chesslib.no"]
[SourceDate "2004.05.04"]

1. e4 e5 2. Nf3 Nc6 3. Bb5 a6 4. Ba4 Nf6 5. O-O Be7 6. Re1 b5 7. Bb3 d6 8. c3 O-O 9. h3 Na5 10. Bc2 c5 11. d4 Qc7 12. Nbd2 Nc6 13. d5 Na5 14. b3 Bd7 15. Nf1 Rfb8 16. Bd2 g6 17. Ng3 Ne8 18. Qe2 Ng7 19. c4 Nb7 20. Qe3 Nd8 21. Nh2 Bh4 22. f4 f6 23. f5 Nf7 24. Ng4 bxc4 25. bxc4 Qd8 26. Qc3 Kf8 27. Rf1 Ra7 28. Rab1 Rab7 29. Rxb7 Rxb7 30. Nh6 Nxh6 31. Bxh6 Qe8 32. Nh1 gxf5 33. exf5 Qh5 34. Qe3 Rb4 35. g4 Qf7 36. Qc3 Kg8 37. a3 Rb7 38. Ng3 Bxg3 39. Qxg3 Bc8 40. Rf2 Rb2 41. Bc1 Rb7 42. g5 Ne8 43. gxf6+ Kh8 44. Qh4 1-0

[Event "Budapest Tungsram"]
[Site "Budapest HUN"]
[Date "1973.??.??"]
[Round "15"]
[White "Velimirovic, Dragoljub"]
[Black "Karpov, Anatoly"]
[Result "1/2-1/2"]
[WhiteElo "2510"]
[BlackElo "2660"]
[PlyCount "39"]
[EventDate "1973.??.??"]
[Source "www.chesslib.no"]
[SourceDate "2004.05.04"]

1. e4 e5 2. Nf3 Nc6 3. Bb5 a6 4. Ba4 Nf6 5. O-O Be7 6. Re1 b5 7. Bb3 d6 8. c3 O-O 9. h3 Na5 10. Bc2 c5 11. d4 Qc7 12. Nbd2 Nc6 13. Nb3 Bb7 14. d5 Nb8 15. c4 Nbd7 16. Bd2 b4 17. Nc1 Ne8 18. Nd3 g6 19. Bh6 Ng7 20. g4 1/2-1/2

[Event "Yopal"]
[Site "Yopal"]
[Date "1997.06.23"]
[Round "4"]
[White "Milos, Gilberto"]
[Black "Arencibia, Walter"]
[Result "1-0"]
[WhiteElo "2605"]
[BlackElo "2560"]
[PlyCount "111"]
[EventDate "1997.06.20"]
[Source "ChessBase"]
[SourceDate "1997.10.13"]

1. e4 e5 2. Nf3 Nc6 3. Bb5 a6 4. Ba4 Nf6 5. O-O Be7 6. Re1 b5 7. Bb3 d6 8. c3 O-O 9. h3 Na5 10. Bc2 c5 11. d4 Qc7 12. Nbd2 Nc6 13. dxc5 dxc5 14. Nh2 Nb8 15. Ndf1 Nbd7 16. Ng3 Re8 17. Nf5 Bf8 18. Ng4 Kh8 19. Qf3 Ng8 20. h4 Ndf6 21. Nxf6 Nxf6 22. Bg5 Nd7 23. h5 f6 24. Bh4 Qc6 25. Rad1 Nb6 26. h6 Bxf5 27. hxg7+ Bxg7 28. Qxf5 Rad8 29. Rd5 Kg8 30. Re3 Qc8 31. Qh5 Rf8 32. Rg3 Kh8 33. Rh3 h6 34. Qg6 Rd7 35. Bg5 fxg5 36. Qxb6 Rf6 37. Rxc5 Qa8 38. Qa5 Rxf2 39. Kxf2 Qf8+ 40. Ke2 Qxc5 41. Qxa6 Kh7 42. Qe6 Rd6 43. Qf5+ Kg8 44. Rd3 Rxd3 45. Bxd3 b4 46. cxb4 Qc1 47. b3 Qb2+ 48. Kf3 Qc3 49. Qd7 Qd2 50. Qc8+ Kh7 51. Qf5+ Kh8 52. Qc8+ Kh7 53. Qf5+ Kh8 54. Bc4 h5 55. Qc8+ Kh7 56. Bg8+ 1-0

[Event "Cap d'Agde-B"]
[Site "Cap d'Agde"]
[Date "1998.10.27"]
[Round "6"]
[White "Morovic Fernandez, Ivan"]
[Black "Arencibia, Walter"]
[Result "0-1"]
[WhiteElo "2605"]
[BlackElo "2550"]
[PlyCount "106"]
[EventDate "1998.10.??"]
[Source "www.chesslib.no"]
[SourceDate "2004.05.04"]

1. e4 e5 2. Nf3 Nc6 3. Bb5 a6 4. Ba4 Nf6 5. O-O Be7 6. Re1 b5 7. Bb3 d6 8. c3 O-O 9. h3 Na5 10. Bc2 c5 11. d4 Qc7 12. Nbd2 Nc6 13. d5 Na7 14. Kh2 Bd7 15. Rg1 Nc8 16. g4 Nb6 17. Nf1 Kh8 18. Ng3 Rfb8 19. Nf5 Bf8 20. N3h4 Ng8 21. g5 g6 22. Qf3 Qd8 23. Ng3 Qe8 24. Ng2 Bg7 25. h4 f6 26. h5 fxg5 27. Bxg5 Qf8 28. Qe2 Nf6 29. Ne3 Nc4 30. f3 Bh6 31. Nxc4 Bxg5 32. Ne3 Bf4 33. Kg2 Bxg3 34. Kxg3 Nxh5+ 35. Kf2 Nf4 36. Qf1 Nh3+ 37. Ke2 Nxg1+ 38. Qxg1 Qf4 39. Qg2 Rf8 40. Rh1 Rf6 41. Bd1 Raf8 42. Rf1 g5 43. c4 bxc4 44. Kd2 g4 45. fxg4 Qxf1 46. Nxf1 Rf2+ 47. Qxf2 Rxf2+ 48. Ke1 Rxb2 49. Ne3 c3 50. Bc2 Bxg4 51. Nxg4 Rxc2 52. Kd1 Rxa2 53. Nh6 Rf2 0-1

[Event "35th T-ch GR"]
[Site "Ermioni"]
[Date "2006.07.06"]
[Round "2.1"]
[White "Kulaots, Kaido"]
[Black "Postny, Evgeny"]
[Result "1/2-1/2"]
[WhiteElo "2550"]
[BlackElo "2591"]
[PlyCount "65"]
[EventDate "2006.07.??"]
[Source "www.chesslib.no"]
[SourceDate "2004.05.04"]

1. e4 e5 2. Nf3 Nc6 3. Bb5 a6 4. Ba4 Nf6 5. O-O Be7 6. Re1 b5 7. Bb3 d6 8. c3 O-O 9. h3 Na5 10. Bc2 c5 11. d4 Qc7 12. Nbd2 Nc6 13. d5 Nd8 14. a4 Rb8 15. axb5 axb5 16. b4 Ne8 17. bxc5 dxc5 18. c4 b4 19. Nb3 f6 20. Be3 Bd7 21. Ra5 Nb7 22. Ra7 Qb6 23. Qa1 Ned6 24. Nfd2 Rfc8 25. Bd3 Qd8 26. Qb2 Ra8 27. Rea1 Rxa7 28. Rxa7 Qb6 29. Qa1 Ne8 30. Ra6 Qc7 31. Ra7 Qb6 32. Ra6 Qc7 33. Ra7 1/2-1/2

[Event "URS Ch sf"]
[Site "Perm RUS"]
[Date "1971.??.??"]
[Round "?"]
[White "Kuzmin, Gennadi P"]
[Black "Krogius, Nikolai V"]
[Result "0-1"]
[WhiteElo "2560"]
[BlackElo "2580"]
[PlyCount "82"]
[EventDate "1971.??.??"]
[Source "www.chesslib.no"]
[SourceDate "2004.05.04"]

1. e4 e5 2. Nf3 Nc6 3. Bb5 a6 4. Ba4 Nf6 5. O-O Be7 6. Re1 b5 7. Bb3 d6 8. c3 O-O 9. h3 Na5 10. Bc2 c5 11. d4 Qc7 12. Nbd2 Nc6 13. d5 Nd8 14. a4 Rb8 15. axb5 axb5 16. b4 Bd7 17. bxc5 Qxc5 18. Re3 Re8 19. g4 g6 20. Nf1 Nb7 21. Ng3 Ra8 22. Rb1 Rec8 23. Ne1 Na5 24. Rf3 Nc4 25. Nd3 Qc7 26. Nb4 Ne8 27. Bb3 Ng7 28. Bh6 Ra7 29. Nf1 Qd8 30. Bxg7 Kxg7 31. Nc6 Rxc6 32. dxc6 Bxc6 33. Bxc4 bxc4 34. Re3 Bg5 35. Qf3 Bxe3 36. Nxe3 Qf6 37. Qxf6+ Kxf6 38. Nxc4 Bxe4 39. Rd1 d5 40. Ne3 Ke6 41. g5 Ra3 0-1

[Event "Rubinstein mem"]
[Site "Polanica Zdroj"]
[Date "1977.??.??"]
[Round "16"]
[White "Kuzmin, Gennadi P"]
[Black "Gulko, Boris F"]
[Result "1/2-1/2"]
[WhiteElo "2550"]
[BlackElo "2585"]
[PlyCount "27"]
[EventDate "1977.08.??"]
[Source "ChessBase"]

1. e4 e5 2. Nf3 Nc6 3. Bb5 a6 4. Ba4 Nf6 5. O-O Be7 6. Re1 b5 7. Bb3 d6 8. c3 O-O 9. h3 Na5 10. Bc2 c5 11. d4 Qc7 12. Nbd2 Nc6 13. d5 Na5 14. Nf1 1/2-1/2

[Event "URS Team Ch"]
[Site "Rostov on Don"]
[Date "1971.??.??"]
[Round "?"]
[White "Liberzon, Vladimir M"]
[Black "Krogius, Nikolai V"]
[Result "1-0"]
[WhiteElo "2540"]
[BlackElo "2580"]
[PlyCount "67"]
[EventDate "1971.08.01"]
[Source "www.chesslib.no"]
[SourceDate "2004.05.04"]

1. e4 e5 2. Nf3 Nc6 3. Bb5 a6 4. Ba4 Nf6 5. O-O Be7 6. Re1 b5 7. Bb3 d6 8. c3 O-O 9. h3 Na5 10. Bc2 c5 11. d4 Qc7 12. Nbd2 Nc6 13. a3 Bd7 14. b4 cxb4 15. cxb4 Rac8 16. Bb1 Rfe8 17. Bb2 Bf8 18. Nf1 g6 19. Ng3 Bh6 20. Ba2 a5 21. Qb3 Rf8 22. dxe5 dxe5 23. bxa5 Nxa5 24. Qb4 Nc6 25. Qxb5 Bf4 26. Qe2 Qb6 27. Nf1 Rb8 28. Rab1 Qa5 29. Red1 Rb7 30. Bc3 Qa7 31. Rxb7 Qxb7 32. g3 Bh6 33. Nxe5 Bxh3 34. Nxf7 1-0

[Event "Minsk"]
[Site "Minsk"]
[Date "1996.??.??"]
[Round "3"]
[White "Kruppa, Yuri"]
[Black "Sulskis, Sarunas"]
[Result "0-1"]
[WhiteElo "2580"]
[BlackElo "2505"]
[PlyCount "90"]
[EventDate "1996.??.??"]
[Source "ChessBase"]

1. e4 e5 2. Nf3 Nc6 3. Bb5 a6 4. Ba4 Nf6 5. O-O Be7 6. Re1 b5 7. Bb3 d6 8. c3 O-O 9. h3 Na5 10. Bc2 c5 11. d4 Qc7 12. Nbd2 Nc6 13. d5 Nd8 14. a4 Rb8 15. axb5 axb5 16. b4 c4 17. Nf1 Ne8 18. N3h2 f6 19. h4 Nf7 20. h5 Qb7 21. Bd2 Bd8 22. Qf3 Bb6 23. Qg3 Ra8 24. Nf3 Rxa1 25. Rxa1 Ng5 26. Nh4 Qf7 27. h6 g6 28. Be3 Qb7 29. Nd2 Nf7 30. Bd1 g5 31. Bxb6 Qxb6 32. Nf5 Bxf5 33. exf5 Nxh6 34. Qh3 Kg7 35. Nf1 Nc7 36. Ng3 Ng8 37. Bf3 Ra8 38. Rd1 Ra2 39. Nh5+ Kh8 40. Qg3 Ne8 41. Re1 Ng7 42. Re3 Nxf5 43. Qh3 Nxe3 44. fxe3 Qxe3+ 45. Kh2 e4 0-1

[Event "Nice ol (Men)"]
[Site "Nice FRA"]
[Date "1974.??.??"]
[Round "2"]
[White "Olafsson, Fridrik"]
[Black "Unzicker, Wolfgang"]
[Result "1/2-1/2"]
[WhiteElo "2550"]
[BlackElo "2535"]
[PlyCount "59"]
[EventDate "1974.06.06"]
[Source "www.chesslib.no"]
[SourceDate "2004.05.04"]

1. e4 e5 2. Nf3 Nc6 3. Bb5 a6 4. Ba4 Nf6 5. O-O Be7 6. Re1 b5 7. Bb3 d6 8. c3 O-O 9. h3 Na5 10. Bc2 c5 11. d4 Qc7 12. Nbd2 Nc6 13. a3 Bd7 14. b4 cxd4 15. cxd4 Rac8 16. Bb1 exd4 17. Bb2 Be6 18. Nxd4 Nxd4 19. Bxd4 Nd7 20. f4 Bf6 21. Nf3 Bxd4+ 22. Nxd4 Rfe8 23. Nxe6 Rxe6 24. Ba2 Re7 25. Qd4 Nf6 26. Rad1 Rd7 27. Rd3 Re8 28. Rg3 Kf8 29. Ree3 Qa7 30. Qxa7 1/2-1/2

[Event "Asuncion"]
[Site "Asuncion PAR"]
[Date "1992.??.??"]
[Round "1"]
[White "Milos, Gilberto"]
[Black "Morovic Fernandez, Ivan E"]
[Result "1/2-1/2"]
[WhiteElo "2515"]
[BlackElo "2565"]
[PlyCount "32"]
[EventDate "1992.04.??"]
[Source "www.chesslib.no"]
[SourceDate "2004.05.04"]

1. e4 e5 2. Nf3 Nc6 3. Bb5 a6 4. Ba4 Nf6 5. O-O Be7 6. Re1 b5 7. Bb3 d6 8. c3 O-O 9. h3 Na5 10. Bc2 c5 11. d4 Qc7 12. Nbd2 Nc6 13. d5 Nd8 14. a4 Rb8 15. axb5 axb5 16. b4 c4 1/2-1/2

[Event "Buenos Aires ol (Men)"]
[Site "Buenos Aires ARG"]
[Date "1978.??.??"]
[Round "9"]
[White "Ljubojevic, Ljubomir"]
[Black "Hernandez, Roman O"]
[Result "1/2-1/2"]
[WhiteElo "2605"]
[BlackElo "2465"]
[PlyCount "83"]
[EventDate "1978.10.25"]
[Source "www.chesslib.no"]
[SourceDate "2004.05.04"]

1. e4 e5 2. Nf3 Nc6 3. Bb5 a6 4. Ba4 Nf6 5. O-O Be7 6. Re1 b5 7. Bb3 d6 8. c3 O-O 9. h3 Na5 10. Bc2 c5 11. d4 Qc7 12. Nbd2 Nc6 13. a3 Bd7 14. b4 cxd4 15. cxd4 Rfc8 16. Bb3 a5 17. d5 Nd8 18. Bb2 a4 19. Rc1 Qb7 20. Bc2 Ne8 21. Nf1 g6 22. Ng3 Ng7 23. Qe2 f6 24. Bd3 Nf7 25. Rxc8+ Rxc8 26. Rc1 Rxc1+ 27. Bxc1 Bd8 28. Qc2 Bb6 29. Nh2 Ne8 30. Nhf1 Qc7 31. Qd1 Qc3 32. Ne2 Qc8 33. Be3 Bxe3 34. Nxe3 Ng7 35. Qd2 Ng5 36. h4 Nf7 37. Nc3 Qb8 38. Qb2 Qc7 39. g3 Qb6 40. Kg2 Nh6 41. Qd2 Qd4 42. Nc2 1/2-1/2

[Event "XXXIV Camp. israeliano"]
[Site "Haifa ISR"]
[Date "2008.12.01"]
[Round "1"]
[White "Popilski, G."]
[Black "Postny, E."]
[Result "0-1"]
[WhiteElo "2394"]
[BlackElo "2674"]
[PlyCount "68"]
[EventDate "2008.12.01"]
[Source "www.chesslib.no"]
[SourceDate "2004.05.04"]

1. e4 e5 2. Nf3 Nc6 3. Bb5 a6 4. Ba4 Nf6 5. O-O Be7 6. Re1 b5 7. Bb3 d6 8. c3 O-O 9. h3 Na5 10. Bc2 c5 11. d4 Qc7 12. Nbd2 Nc6 13. d5 Na5 14. b3 Bd7 15. Nf1 Ne8 16. Ne3 g6 17. a4 Ng7 18. axb5 axb5 19. Ng4 Kh8 20. Nh6 Rab8 21. Ng5 Be8 22. Qf3 f6 23. Ne6 Nxe6 24. dxe6 Nc6 25. Ng4 h5 26. Ne3 Qc8 27. Nd5 Qxe6 28. Bh6 Rf7 29. Bd3 Bd8 30. Qe2 g5 31. Bxb5 Rh7 32. Bf8 Nd4 33. cxd4 Bxb5 34. Qd2 Kg8 0-1

[Event "94th ch-GBR"]
[Site "Great Yarmouth ENG"]
[Date "2007.08.04"]
[Round "6"]
[White "Aagaard, J."]
[Black "Rowson, J."]
[Result "1/2-1/2"]
[WhiteElo "2467"]
[BlackElo "2599"]
[PlyCount "98"]
[EventDate "2007.07.30"]
[Source "www.chesslib.no"]
[SourceDate "2004.05.04"]

1. e4 e5 2. Nf3 Nc6 3. Bb5 a6 4. Ba4 Nf6 5. O-O Be7 6. Re1 b5 7. Bb3 d6 8. c3 O-O 9. h3 Na5 10. Bc2 c5 11. d4 Qc7 12. Nbd2 Nc6 13. d5 Nd8 14. a4 Rb8 15. axb5 axb5 16. b4 Bd7 17. Nf1 Ne8 18. g4 g6 19. Ng3 f6 20. Be3 Nf7 21. Qd2 Ng7 22. Ra2 Ra8 23. Rea1 Qb7 24. Bb3 Rxa2 25. Rxa2 Rc8 26. bxc5 dxc5 27. d6 Bd8 28. Bd5 Bc6 29. Bxf7+ Qxf7 30. Bxc5 Ra8 31. Rxa8 Bxa8 32. Qd3 Bc6 33. Ne1 Qb3 34. Nc2 Ne6 35. Be3 Ba5 36. d7 Nd8 37. Bh6 Qe6 38. c4 Nf7 39. cxb5 Qxd7 40. Qa3 Nxh6 41. Qa2+ Nf7 42. bxc6 Qxc6 43. Ne3 Bb6 44. Nd5 Kg7 45. Kg2 Qc5 46. Qb2 Ba7 47. h4 Qd4 48. Qa2 Qc5 49. Qb2 Qd4 1/2-1/2

[Event "Chess Congress - Magistrale"]
[Site "Hastings ING"]
[Date "2009.01.05"]
[Round "9"]
[White "Berg, E."]
[Black "Greet, A."]
[Result "1-0"]
[WhiteElo "2623"]
[BlackElo "2440"]
[PlyCount "129"]
[EventDate "2008.12.28"]
[Source "www.chesslib.no"]
[SourceDate "2004.05.04"]

1. e4 e5 2. Nf3 Nc6 3. Bb5 a6 4. Ba4 Nf6 5. O-O Be7 6. Re1 b5 7. Bb3 d6 8. c3 O-O 9. h3 Na5 10. Bc2 c5 11. d4 Qc7 12. Nbd2 Nc6 13. d5 Nd8 14. a4 Rb8 15. axb5 axb5 16. b4 Bd7 17. bxc5 Qxc5 18. Ba3 Qxc3 19. Re3 Qc7 20. Bb4 Re8 21. Rc3 Qb7 22. Rca3 Rc8 23. Bd3 Qb8 24. Qe2 Nb7 25. Bxb5 Nc5 26. Bxd7 Nfxd7 27. Bxc5 Nxc5 28. Nc4 Qb5 29. Nfd2 Rb8 30. Qf3 g6 31. Ra5 Qb4 32. Rb1 Qxb1+ 33. Nxb1 Rxb1+ 34. Kh2 Rb3 35. Qe2 Rc8 36. Ra7 Bf8 37. Qg4 Rcb8 38. Qh4 Kg7 39. f4 R3b7 40. Rxb7 Rxb7 41. fxe5 dxe5 42. Qd8 Nxe4 43. d6 Nxd6 44. Nxd6 Bxd6 45. Qxd6 Rb5 46. g4 h6 47. h4 Ra5 48. Kg3 Rb5 49. Kf2 Ra5 50. Ke3 Rb5 51. Ke4 Ra5 52. Ke3 Rb5 53. Ke4 Ra5 54. Qc6 Kg8 55. h5 gxh5 56. Kf5 hxg4 57. Kf6 Ra7 58. Qc8+ Kh7 59. Qf5+ Kh8 60. Qc8+ Kh7 61. Qf5+ Kh8 62. Qxe5 Kh7 63. Qe4+ Kh8 64. Qe3 Ra6+ 65. Kxf7 1-0

[Event "79th ch-GER"]
[Site "Bad Woerishofen GER"]
[Date "2008.02.15"]
[Round "1"]
[White "Baramidze, D."]
[Black "Henrichs, T."]
[Result "1-0"]
[WhiteElo "2582"]
[BlackElo "2481"]
[PlyCount "141"]
[EventDate "2008.02.15"]
[Source "www.chesslib.no"]
[SourceDate "2004.05.04"]

1. e4 e5 2. Nf3 Nc6 3. Bb5 a6 4. Ba4 Nf6 5. O-O Be7 6. Re1 b5 7. Bb3 d6 8. c3 O-O 9. h3 Na5 10. Bc2 c5 11. d4 Qc7 12. Nbd2 Nc6 13. d5 Nd8 14. a4 Rb8 15. Nf1 Ne8 16. Qe2 f6 17. axb5 axb5 18. b4 Nf7 19. Be3 Bd7 20. Reb1 c4 21. Ra7 Qc8 22. g4 g6 23. Rba1 Ng7 24. Ng3 Kh8 25. Nh2 Bd8 26. R1a6 Rb7 27. Ra8 Rb8 28. R8a7 Rb7 29. Rxb7 Qxb7 30. Ra7 Qc8 31. Kg2 Rg8 32. Qd1 Bc7 33. Qf3 Bd8 34. h4 Rf8 35. h5 Kg8 36. Qd1 Ng5 37. f3 Bc7 38. Qa1 Qd8 39. Qa6 Ne8 40. Qb7 Qc8 41. Nhf1 Qxb7 42. Rxb7 Nf7 43. Nd2 Nd8 44. Ra7 Rf7 45. Nb1 Kf8 46. Na3 Ke7 47. Bf2 Rf8 48. hxg6 hxg6 49. Nf1 Nf7 50. Nd2 Rg8 51. Ndxc4 bxc4 52. b5 f5 53. exf5 gxf5 54. b6 Bxb6 55. Bxb6 fxg4 56. Nxc4 Nf6 57. Ne3 gxf3+ 58. Kxf3 Rb8 59. Ba5 Rb2 60. Bb4 Kf8 61. Ba3 Rb8 62. Bg6 Rb3 63. Bxf7 Kxf7 64. Bxd6 e4+ 65. Kf4 Rb2 66. c4 Rf2+ 67. Ke5 Re2 68. c5 Rxe3 69. c6 Rd3 70. Rxd7+ Kg6 71. Bb4 1-0

[Event "Petrov mem op"]
[Site "St Petersburg"]
[Date "2002.02.16"]
[Round "5"]
[White "Alekseev, Evgeny"]
[Black "Lugovoi, Aleksei"]
[Result "1-0"]
[WhiteElo "2552"]
[BlackElo "2510"]
[PlyCount "91"]
[EventDate "2002.02.12"]
[Source "ChessBase"]
[SourceDate "2002.03.14"]

1. e4 e5 2. Nf3 Nc6 3. Bb5 a6 4. Ba4 Nf6 5. O-O Be7 6. Re1 b5 7. Bb3 d6 8. c3 O-O 9. h3 Na5 10. Bc2 c5 11. d4 Qc7 12. Nbd2 Nc6 13. Nb3 a5 14. d5 Nd8 15. Nbd2 c4 16. Nf1 Nb7 17. g4 Nc5 18. Ng3 Re8 19. Be3 Bf8 20. Kg2 b4 21. g5 Nfd7 22. h4 Ba6 23. h5 Nd3 24. Bxd3 cxd3 25. Rc1 bxc3 26. Rxc3 Qb7 27. Rb3 Qc7 28. Rc3 Qb7 29. Rb3 Qc7 30. Qd2 Rec8 31. Rc3 Qd8 32. Rec1 Rxc3 33. Rxc3 a4 34. Ne1 Qb8 35. Nxd3 g6 36. Rc2 Nb6 37. b3 axb3 38. axb3 Bb5 39. Nb4 Qb7 40. Qc1 Rc8 41. Nc6 Kh8 42. Na5 Rxc2 43. Qxc2 Qb8 44. Bxb6 Qxb6 45. Qc8 Kg8 46. Nc6 1-0